[Event "9th RTU Open 2019"]
[Site "Riga"]
[Date "2019.08.07"]
[Round "4.23"]
[White "Usmanov, Vasily"]
[Black "Shailesh, Dravid"]
[Result "1/2-1/2"]
[WhiteElo "2443"]
[BlackElo "2254"]
[Annotator "NA"]
[PlyCount "137"]
[EventDate "2019.08.05"]
[EventType "swiss"]
[EventCountry "LAT"]
[SourceTitle "playchess.com"]
[Source "ChessBase"]
[SourceQuality "1"]
[TimeControl "5400+30"]

1. d4 {[%emt 0:00:00]} Nf6 {[%emt 0:01:39]} 2. Nf3 {[%emt 0:00:00]} g6 {[%emt 0:00:08]} 3. Bf4 {[%emt 0:00:00]} Bg7 {[%emt 0:00:21]} 4. e3 {[%emt 0:00:00]} O-O {[%emt 0:00:30]} 5. Be2 {[%emt 0:00:00]} d6 {[%emt 0:00:18]} 6. O-O {[%emt 0:00:00]} Nbd7 {[%emt 0:00:40]} 7. h3 {[%emt 0:00:43]} b6 {[%emt 0:00:16]} 8. a4 {[%emt 0:00:33]} a5 {[%emt 0:02:51]} 9. Nbd2 {[%emt 0:10:02]} Bb7 {[%emt 0:00:19]} 10. c3 {[%emt 0:00:02]} Qe8 {[%emt 0:02:14]} 11. Bb5 {[%emt 0:00:46]} e6 {[%emt 0:06:10]} 12. Qc2 {[%emt 0:05:04]} Qe7 {[%emt 0:03:24]} 13. e4 {[%emt 0:04:48]} Nh5 {[%emt 0:07:54]} 14. Bg5 {[%emt 0:02:31]} f6 {[%emt 0:04:47]} 15. Be3 {[%emt 0:02:42]} f5 {[%emt 0:00:46]} 16. Bg5 {[%emt 0:04:05]} Bf6 {[%emt 0:05:17]} 17. Bh6 {[%emt 0:07:02]} Bg7 {[%emt 0:00:09]} 18. Bg5 {[%emt 0:00:18]} Bf6 {[%emt 0:00:08]} 19. Bh6 {[%emt 0:01:47]} Bg7 {[%emt 0:00:05]} 20. Bxg7 {[%emt 0:00:02]} Nxg7 {[%emt 0:01:36]} 21. e5 {[%emt 0:00:37]} d5 {[%emt 0:03:23]} 22. Qb3 {[%emt 0:07:34]} h6 {[%emt 0:03:44]} 23. Qa3 {[%emt 0:02:08]} Qf7 {[%emt 0:01:42]} 24. h4 {[%emt 0:01:13]} Ba6 {[%emt 0:05:55]} 25. Rfc1 {[%emt 0:05:03]} Bb7 {[%emt 0:07:28]} 26. g3 {[%emt 0:03:33]} Rfc8 {[%emt 0:01:37]} 27. b4 {[%emt 0:02:02]} c6 {[%emt 0:02:45]} 28. Be2 {[%emt 0:00:03]} Ne8 {[%emt 0:03:52]} 29. Nb3 {[%emt 0:05:04]} axb4 {[%emt 0:07:55]} 30. cxb4 {[%emt 0:00:04]} Qf8 {[%emt 0:00:12]} 31. Ne1 {[%emt 0:08:02]} Nc7 {[%emt 0:01:01]} 32. Nd3 {[%emt 0:02:34]} Ba6 {[%emt 0:01:19]} 33. Rxc6 {[%emt 0:07:35]} Bb5 {[%emt 0:01:00]} 34. Rd6 {[%emt 0:00:03]} Bxa4 {[%emt 0:01:47]} 35. Qb2 {[%emt 0:01:59]} Qe7 {[%emt 0:00:35]} 36. Nf4 {[%emt 0:01:12]} g5 {[%emt 0:00:12]} 37. hxg5 {[%emt 0:00:06]} hxg5 {[%emt 0:00:04]} 38. Nh5 {[%emt 0:01:22]} Ne8 {[%emt 0:00:43]} 39. Rxa4 {[%emt 0:01:31]} Rxa4 {[%emt 0:00:54]} 40. Bb5 {[%emt 0:00:16]} Ra7 {[%emt 0:04:16]} 41. Bxd7 {[%emt 0:00:06]} Rxd7 {[%emt 0:00:17]} 42. Rxb6 {[%emt 0:00:02]} Qf7 {[%emt 0:03:15]} 43. Qe2 {[%emt 0:00:53]} Ra7 {[%emt 0:04:31]} 44. Nc5 {[%emt 0:00:36]} Ra1+ {[%emt 0:01:15]} 45. Kg2 {[%emt 0:00:03]} g4 {[%emt 0:00:08]} 46. Ra6 {[%emt 0:00:38]} Rb1 {[%emt 0:02:33]} 47. Qc2 {[%emt 0:03:07]} Rxb4 {[%emt 0:00:53]} 48. Qd2 {[%emt 0:00:02]} Qxh5 {[%emt 0:04:10]} 49. Qxb4 {[%emt 0:00:09]} Rc7 {[%emt 0:00:06]} 50. Rxe6 {[%emt 0:02:04]} Rh7 {[%emt 0:00:43]} 51. Rxe8+ {[%emt 0:00:17]} Qxe8 {[%emt 0:00:05]} 52. Qb3 {[%emt 0:00:14]} Qf7 {[%emt 0:01:27]} 53. Qb8+ {[%emt 0:04:29]} Kg7 {[%emt 0:00:37]} 54. Qd8 {[%emt 0:02:35]} Rh6 {[%emt 0:01:42]} 55. Qg5+ {[%emt 0:05:23]} Rg6 {[%emt 0:00:32]} 56. Qe3 {[%emt 0:00:33]} Rh6 {[%emt 0:02:29]} 57. Qg5+ {[%emt 0:00:47]} Rg6 {[%emt 0:00:04]} 58. Qe3 {[%emt 0:00:50]} Rh6 {[%emt 0:00:02]} 59. Kf1 {[%emt 0:02:10]} Rh1+ {[%emt 0:01:32]} 60. Ke2 {[%emt 0:00:03]} Kg6 {[%emt 0:00:27]} 61. Nd3 {[%emt 0:01:27]} Qa7 {[%emt 0:00:21]} 62. Nf4+ {[%emt 0:00:04]} Kh7 {[%emt 0:00:25]} 63. Qd3 {[%emt 0:01:18]} Qa2+ {[%emt 0:00:14]} 64. Ke3 {[%emt 0:00:05]} Re1+ {[%emt 0:00:22]} 65. Ne2 {[%emt 0:00:02]} Kg7 {[%emt 0:00:13]} 66. Qb5 {[%emt 0:00:45]} Qc2 {[%emt 0:03:58]} 67. Qd7+ {[%emt 0:01:36]} Kf8 {[%emt 0:00:29]} 68. Qd8+ {[%emt 0:00:09]} Kg7 {[%emt 0:00:05]} 69. Qe7+ {[%emt 0:00:42]} 1/2-1/2

[Event "9th RTU Open 2019"]
[Site "Riga"]
[Date "2019.08.07"]
[Round "4.24"]
[White "Tari, Aryan"]
[Black "Varshini, V."]
[Result "1-0"]
[WhiteElo "2620"]
[BlackElo "2087"]
[Annotator "ChessBase"]
[PlyCount "45"]
[EventDate "2019.08.05"]
[EventType "swiss"]
[EventCountry "LAT"]
[SourceTitle "playchess.com"]
[Source "ChessBase"]
[SourceQuality "1"]
[TimeControl "5400+30"]

1. c4 {[%emt 0:00:00]} e5 {[%emt 0:00:00]} 2. Nc3 {[%emt 0:00:00]} Nf6 {[%emt 0:00:04]} 3. Nf3 {[%emt 0:00:00]} Nc6 {[%emt 0:00:13]} 4. e4 {[%emt 0:00:03]} Bc5 {[%emt 0:02:32]} 5. Nxe5 {[%emt 0:00:36]} Nxe5 {[%emt 0:03:55]} 6. d4 {[%emt 0:00:02]} Bxd4 {[%emt 0:03:08]} 7. Qxd4 {[%emt 0:00:16]} d6 {[%emt 0:00:14]} 8. Be2 {[%emt 0:04:31]} Be6 {[%emt 0:07:24]} 9. f4 {[%emt 0:05:40]} Nc6 {[%emt 0:04:28]} 10. Qd1 {[%emt 0:04:05]} h6 {[%emt 0:02:35]} 11. O-O {[%emt 0:01:48]} O-O {[%emt 0:03:08]} 12. b3 {[%emt 0:01:01]} Re8 {[%emt 0:04:25]} 13. Bb2 {[%emt 0:01:01]} Bd7 {[%emt 0:01:56]} 14. Bf3 {[%emt 0:01:23]} a6 {[%emt 0:03:07]} 15. Re1 {[%emt 0:06:42]} Nh7 {[%emt 0:08:57]} 16. Qd2 {[%emt 0:01:31]} b5 {[%emt 0:14:10]} 17. cxb5 {[%emt 0:05:53]} axb5 {[%emt 0:00:08]} 18. Nxb5 {[%emt 0:00:11]} Ne5 {[%emt 0:03:43]} 19. Be2 {[%emt 0:03:52]} Ng6 {[%emt 0:03:48]} 20. Bc4 {[%emt 0:00:49]} Bxb5 {[%emt 0:03:28]} 21. Bxb5 {[%emt 0:00:07]} c6 {[%emt 0:00:23]} 22. Bxc6 {[%emt 0:00:51]} Qb6+ {[%emt 0:00:13]} 23. Qd4 {[%emt 0:00:06]} 1-0

[Event "9th RTU Open 2019"]
[Site "Riga"]
[Date "2019.08.07"]
[Round "4.25"]
[White "Saveliev, Alexei"]
[Black "Smirin, Ilia"]
[Result "0-1"]
[WhiteElo "2355"]
[BlackElo "2594"]
[Annotator "ChessBase"]
[PlyCount "66"]
[EventDate "2019.08.05"]
[EventType "swiss"]
[EventCountry "LAT"]
[SourceTitle "playchess.com"]
[Source "ChessBase"]
[SourceQuality "1"]
[TimeControl "5400+30"]

1. e4 {[%emt 0:00:00]} c5 {[%emt 0:01:43]} 2. Nf3 {[%emt 0:00:00]} d6 {[%emt 0:00:32]} 3. d4 {[%emt 0:00:00]} cxd4 {[%emt 0:00:04]} 4. Nxd4 {[%emt 0:00:00]} Nf6 {[%emt 0:00:06]} 5. Nc3 {[%emt 0:00:00]} a6 {[%emt 0:00:04]} 6. Be2 {[%emt 0:00:35]} Nbd7 {[%emt 0:00:42]} 7. f4 {[%emt 0:11:31]} g6 {[%emt 0:01:07]} 8. Be3 {[%emt 0:03:15]} Bg7 {[%emt 0:00:48]} 9. O-O {[%emt 0:01:11]} O-O {[%emt 0:01:12]} 10. Bf3 {[%emt 0:00:16]} e5 {[%emt 0:02:53]} 11. Nde2 {[%emt 0:00:09]} exf4 {[%emt 0:01:53]} 12. Nxf4 {[%emt 0:00:16]} Ne5 {[%emt 0:00:06]} 13. Be2 {[%emt 0:01:20]} Be6 {[%emt 0:18:44]} 14. Bd4 {[%emt 0:04:03]} Nc6 {[%emt 0:05:03]} 15. Be3 {[%emt 0:02:39]} Re8 {[%emt 0:07:12]} 16. Kh1 {[%emt 0:09:20]} Rc8 {[%emt 0:01:38]} 17. Qd2 {[%emt 0:03:11]} Ne5 {[%emt 0:04:11]} 18. Nxe6 {[%emt 0:07:23]} fxe6 {[%emt 0:03:00]} 19. Bg5 {[%emt 0:01:45]} Rf8 {[%emt 0:06:47]} 20. Rad1 {[%emt 0:00:04]} Nf7 {[%emt 0:03:04]} 21. Bh4 {[%emt 0:01:29]} Nxe4 {[%emt 0:05:11]} 22. Qf4 {[%emt 0:01:50]} Neg5 {[%emt 0:06:10]} 23. Ne4 {[%emt 0:04:23]} h6 {[%emt 0:00:07]} 24. Bd3 {[%emt 0:05:42]} d5 {[%emt 0:11:38]} 25. Nf6+ {[%emt 0:02:40]} Kh8 {[%emt 0:00:14]} 26. Bxg6 {[%emt 0:02:38]} Rc4 {[%emt 0:06:35]} 27. Ne4 {[%emt 0:00:56]} Ne5 {[%emt 0:01:05]} 28. Bxg5 {[%emt 0:04:18]} Rxf4 {[%emt 0:03:22]} 29. Bxd8 {[%emt 0:00:08]} Nxg6 {[%emt 0:00:38]} 30. Ng3 {[%emt 0:01:07]} Rxf1+ {[%emt 0:02:08]} 31. Rxf1 {[%emt 0:00:05]} Rxc2 {[%emt 0:00:05]} 32. Nh5 {[%emt 0:00:06]} Bxb2 {[%emt 0:00:46]} 33. g3 {[%emt 0:00:08]} Rc1 {[%emt 0:00:34]} 0-1

[Event "9th RTU Open 2019"]
[Site "Riga"]
[Date "2019.08.07"]
[Round "4.26"]
[White "Wagner, Dennis"]
[Black "Kruglyakov, Pavlo"]
[Result "1-0"]
[WhiteElo "2579"]
[BlackElo "2347"]
[Annotator "ChessBase"]
[PlyCount "81"]
[EventDate "2019.08.05"]
[EventType "swiss"]
[EventCountry "LAT"]
[SourceTitle "playchess.com"]
[Source "ChessBase"]
[SourceQuality "1"]
[TimeControl "5400+30"]

1. d4 {[%emt 0:02:40]} Nf6 {[%emt 0:00:00]} 2. Nf3 {[%emt 0:00:09]} g6 {[%emt 0:00:00]} 3. g3 {[%emt 0:00:05]} Bg7 {[%emt 0:00:00]} 4. Bg2 {[%emt 0:00:04]} O-O {[%emt 0:00:00]} 5. O-O {[%emt 0:00:04]} d5 {[%emt 0:00:00]} 6. c4 {[%emt 0:01:11]} dxc4 {[%emt 0:00:00]} 7. Na3 {[%emt 0:00:04]} c3 {[%emt 0:00:00]} 8. bxc3 {[%emt 0:00:05]} c5 9. Bb2 {[%emt 0:00:00]} Nc6 {[%emt 0:03:37]} 10. Re1 {[%emt 0:00:00]} Qb6 {[%emt 0:11:43]} 11. Nc4 {[%emt 0:00:13]} Qb5 {[%emt 0:05:40]} 12. Qb3 {[%emt 0:00:14]} Qa6 {[%emt 0:07:37]} 13. Nce5 {[%emt 0:00:17]} Be6 {[%emt 0:06:52]} 14. Qa3 {[%emt 0:00:02]} Qxa3 {[%emt 0:13:04]} 15. Bxa3 {[%emt 0:00:08]} Nd5 {[%emt 0:21:28]} 16. Nxc6 {[%emt 0:06:00]} bxc6 {[%emt 0:00:02]} 17. Rec1 {[%emt 0:29:16]} Bh6 {[%emt 0:05:45]} 18. e3 {[%emt 0:16:19]} Nxe3 {[%emt 0:01:23]} 19. fxe3 {[%emt 0:00:04]} Bxe3+ {[%emt 0:00:03]} 20. Kh1 {[%emt 0:00:05]} Bxc1 {[%emt 0:00:06]} 21. Rxc1 {[%emt 0:00:08]} Bxa2 {[%emt 0:01:15]} 22. Bxc5 {[%emt 0:01:37]} f6 {[%emt 0:06:44]} 23. c4 {[%emt 0:01:37]} Rab8 {[%emt 0:02:39]} 24. Nd2 {[%emt 0:03:50]} Rb2 {[%emt 0:01:34]} 25. Rd1 {[%emt 0:00:05]} Rfb8 {[%emt 0:02:04]} 26. Bxc6 {[%emt 0:00:46]} Rc2 {[%emt 0:05:15]} 27. Be4 {[%emt 0:04:50]} Rc3 {[%emt 0:01:50]} 28. Bd5+ {[%emt 0:03:41]} Kg7 {[%emt 0:01:25]} 29. Bxe7 {[%emt 0:00:57]} Rc2 {[%emt 0:02:29]} 30. Be4 {[%emt 0:15:38]} Rc3 {[%emt 0:00:02]} 31. d5 {[%emt 0:00:44]} Bxc4 {[%emt 0:00:01]} 32. Nxc4 {[%emt 0:02:14]} Rxc4 {[%emt 0:00:20]} 33. Bg2 {[%emt 0:02:08]} Kf7 {[%emt 0:02:54]} 34. d6 {[%emt 0:00:08]} Rc2 {[%emt 0:00:28]} 35. Bd5+ {[%emt 0:02:25]} Ke8 {[%emt 0:00:01]} 36. Bxf6 {[%emt 0:00:54]} Kd7 {[%emt 0:00:15]} 37. Bg2 {[%emt 0:01:08]} Ke6 {[%emt 0:00:40]} 38. Bg5 {[%emt 0:02:58]} Kf5 {[%emt 0:00:27]} 39. Be3 {[%emt 0:04:38]} g5 {[%emt 0:01:13]} 40. Bxa7 {[%emt 0:00:57]} Rbb2 {[%emt 0:00:29]} 41. d7 {[%emt 0:01:13]} 1-0

[Event "9th RTU Open 2019"]
[Site "Riga"]
[Date "2019.08.07"]
[Round "4.27"]
[White "Sowray, Peter J"]
[Black "Lalith Babu M R"]
[Result "0-1"]
[WhiteElo "2334"]
[BlackElo "2580"]
[Annotator "ChessBase"]
[PlyCount "82"]
[EventDate "2019.08.05"]
[EventType "swiss"]
[EventCountry "LAT"]
[SourceTitle "playchess.com"]
[Source "ChessBase"]
[SourceQuality "1"]
[TimeControl "5400+30"]

1. d4 {[%emt 0:00:00]} Nf6 {[%emt 0:00:00]} 2. c4 {[%emt 0:00:00]} e6 {[%emt 0:00:00]} 3. Nc3 {[%emt 0:00:00]} Bb4 {[%emt 0:00:00]} 4. e3 {[%emt 0:00:22]} O-O {[%emt 0:00:00]} 5. Nge2 {[%emt 0:00:06]} Re8 {[%emt 0:00:00]} 6. a3 {[%emt 0:01:29]} Bf8 {[%emt 0:00:14]} 7. Ng3 {[%emt 0:00:23]} d5 {[%emt 0:00:05]} 8. Be2 {[%emt 0:00:23]} b6 {[%emt 0:00:08]} 9. O-O {[%emt 0:01:39]} c5 {[%emt 0:04:08]} 10. dxc5 {[%emt 0:08:33]} bxc5 {[%emt 0:00:04]} 11. Bf3 {[%emt 0:02:27]} Bb7 {[%emt 0:05:19]} 12. Nge2 {[%emt 0:07:53]} Nc6 {[%emt 0:16:45]} 13. cxd5 {[%emt 0:04:16]} Ne5 {[%emt 0:00:33]} 14. dxe6 {[%emt 0:01:34]} Nxf3+ {[%emt 0:00:24]} 15. gxf3 {[%emt 0:00:06]} Qxd1 {[%emt 0:02:18]} 16. exf7+ {[%emt 0:04:04]} Kxf7 {[%emt 0:01:29]} 17. Rxd1 {[%emt 0:00:21]} Bxf3 {[%emt 0:00:04]} 18. Rd2 {[%emt 0:09:09]} h5 {[%emt 0:06:46]} 19. Kf1 {[%emt 0:13:07]} Bc6 {[%emt 0:08:33]} 20. h3 {[%emt 0:16:50]} a5 {[%emt 0:03:13]} 21. Nf4 {[%emt 0:01:35]} Rab8 {[%emt 0:03:14]} 22. Nfd5 {[%emt 0:01:39]} Nxd5 {[%emt 0:06:13]} 23. Nxd5 {[%emt 0:00:07]} g6 {[%emt 0:00:17]} 24. Nc3 {[%emt 0:03:18]} Bf3 {[%emt 0:05:23]} 25. Rc2 {[%emt 0:01:45]} Rb3 {[%emt 0:03:06]} 26. Bd2 {[%emt 0:03:27]} Reb8 {[%emt 0:00:12]} 27. Na4 {[%emt 0:02:16]} Bc6 {[%emt 0:04:14]} 28. Nxc5 {[%emt 0:02:08]} Rxb2 {[%emt 0:00:05]} 29. Rac1 {[%emt 0:01:17]} Rxc2 {[%emt 0:00:39]} 30. Rxc2 {[%emt 0:00:10]} Bb5+ {[%emt 0:00:42]} 31. Kg2 {[%emt 0:03:13]} Rc8 {[%emt 0:00:08]} 32. Bxa5 {[%emt 0:00:07]} Rxc5 {[%emt 0:01:22]} 33. Rxc5 {[%emt 0:00:31]} Bxc5 {[%emt 0:00:04]} 34. Bb4 {[%emt 0:00:06]} Bxb4 {[%emt 0:04:26]} 35. axb4 {[%emt 0:00:02]} h4 {[%emt 0:00:05]} 36. f4 {[%emt 0:09:21]} Bc6+ {[%emt 0:00:21]} 37. Kf2 {[%emt 0:00:11]} Kf6 {[%emt 0:00:06]} 38. Kf1 {[%emt 0:02:25]} Kf5 {[%emt 0:00:09]} 39. Kg1 {[%emt 0:00:45]} Ke4 {[%emt 0:00:08]} 40. Kf2 {[%emt 0:00:06]} Kd3 {[%emt 0:01:04]} 41. b5 {[%emt 0:00:15]} Bb7 {[%emt 0:00:04]} 0-1

[Event "9th RTU Open 2019"]
[Site "Riga"]
[Date "2019.08.07"]
[Round "4.28"]
[White "Kramer, Julian"]
[Black "Kulaots, Kaido"]
[Result "1/2-1/2"]
[WhiteElo "2352"]
[BlackElo "2560"]
[Annotator "ChessBase"]
[PlyCount "92"]
[EventDate "2019.08.05"]
[EventType "swiss"]
[EventCountry "LAT"]
[SourceTitle "playchess.com"]
[Source "ChessBase"]
[SourceQuality "1"]
[TimeControl "5400+30"]

1. e4 {[%emt 0:00:00]} c5 {[%emt 0:00:00]} 2. Nf3 {[%emt 0:00:09]} Nc6 {[%emt 0:00:00]} 3. d4 {[%emt 0:00:11]} cxd4 {[%emt 0:00:06]} 4. Nxd4 {[%emt 0:00:05]} g6 {[%emt 0:00:42]} 5. c4 {[%emt 0:00:33]} Nf6 {[%emt 0:00:38]} 6. Nc3 {[%emt 0:00:07]} Nxd4 {[%emt 0:00:10]} 7. Qxd4 {[%emt 0:00:06]} d6 {[%emt 0:00:06]} 8. Be2 {[%emt 0:04:44]} Bg7 {[%emt 0:00:14]} 9. Be3 {[%emt 0:00:07]} O-O {[%emt 0:00:26]} 10. Qd2 {[%emt 0:00:05]} Be6 {[%emt 0:03:56]} 11. f3 {[%emt 0:02:29]} Qa5 {[%emt 0:08:47]} 12. Nb5 {[%emt 0:07:37]} Qxd2+ {[%emt 0:01:08]} 13. Kxd2 {[%emt 0:00:05]} Nd7 {[%emt 0:03:56]} 14. Nd4 {[%emt 0:10:29]} Nc5 {[%emt 0:03:05]} 15. b4 {[%emt 0:04:08]} Nd7 {[%emt 0:03:21]} 16. Rhc1 {[%emt 0:05:27]} a5 {[%emt 0:01:38]} 17. a3 {[%emt 0:00:15]} Rfc8 {[%emt 0:06:35]} 18. Rab1 {[%emt 0:03:12]} axb4 {[%emt 0:11:55]} 19. axb4 {[%emt 0:00:05]} b6 {[%emt 0:14:56]} 20. Ra1 {[%emt 0:22:02]} h5 {[%emt 0:00:52]} 21. Rxa8 {[%emt 0:06:25]} Rxa8 {[%emt 0:00:05]} 22. Nxe6 {[%emt 0:00:06]} fxe6 {[%emt 0:00:23]} 23. Rc2 {[%emt 0:10:39]} Kf7 {[%emt 0:07:13]} 24. c5 {[%emt 0:02:07]} bxc5 {[%emt 0:02:04]} 25. bxc5 {[%emt 0:00:05]} dxc5 {[%emt 0:01:17]} 26. Bxc5 {[%emt 0:01:05]} Be5 {[%emt 0:04:32]} 27. g3 {[%emt 0:04:11]} Nxc5 {[%emt 0:04:35]} 28. Rxc5 {[%emt 0:00:05]} Bd4 {[%emt 0:00:04]} 29. Rc6 {[%emt 0:00:41]} Ra2+ {[%emt 0:00:19]} 30. Kd1 {[%emt 0:02:53]} Be3 {[%emt 0:01:59]} 31. Bc4 {[%emt 0:01:10]} Rxh2 {[%emt 0:01:11]} 32. Rxe6 {[%emt 0:00:30]} Rg2 {[%emt 0:01:45]} 33. f4 {[%emt 0:01:47]} Rxg3 {[%emt 0:04:01]} 34. f5 {[%emt 0:00:05]} gxf5 {[%emt 0:05:27]} 35. exf5 {[%emt 0:00:39]} Kf8 {[%emt 0:00:04]} 36. Rg6 {[%emt 0:01:26]} h4 {[%emt 0:00:28]} 37. Ke2 {[%emt 0:00:14]} Bd4 {[%emt 0:00:32]} 38. Rxg3 {[%emt 0:00:12]} hxg3 {[%emt 0:00:04]} 39. Kf3 {[%emt 0:00:03]} Be5 {[%emt 0:00:04]} 40. Be6 {[%emt 0:00:08]} Kg7 {[%emt 0:00:05]} 41. Kg2 {[%emt 0:00:04]} Kf6 {[%emt 0:00:04]} 42. Kf3 {[%emt 0:00:05]} Kg5 {[%emt 0:00:05]} 43. Kg2 {[%emt 0:00:05]} Kf4 {[%emt 0:00:03]} 44. Bd7 {[%emt 0:00:04]} Kg5 {[%emt 0:00:04]} 45. Be6 {[%emt 0:00:04]} Kf4 {[%emt 0:00:03]} 46. Bd7 {[%emt 0:00:03]} Kg5 {[%emt 0:00:03]} 1/2-1/2

[Event "9th RTU Open 2019"]
[Site "Riga"]
[Date "2019.08.07"]
[Round "4.29"]
[White "Stany, G.A."]
[Black "Runets, Ivan"]
[Result "1-0"]
[WhiteElo "2525"]
[BlackElo "2239"]
[Annotator "ChessBase"]
[PlyCount "57"]
[EventDate "2019.08.05"]
[EventType "swiss"]
[EventCountry "LAT"]
[SourceTitle "playchess.com"]
[Source "ChessBase"]
[SourceQuality "1"]
[TimeControl "5400+30"]

1. e4 {[%emt 0:00:00]} c5 {[%emt 0:00:04]} 2. Nf3 {[%emt 0:00:00]} Nc6 {[%emt 0:00:04]} 3. d4 {[%emt 0:00:05]} cxd4 {[%emt 0:00:06]} 4. Nxd4 {[%emt 0:00:03]} e6 {[%emt 0:00:13]} 5. Nc3 {[%emt 0:00:08]} d6 {[%emt 0:00:12]} 6. Be3 {[%emt 0:00:35]} Nf6 {[%emt 0:00:07]} 7. f3 {[%emt 0:01:08]} Be7 {[%emt 0:01:46]} 8. Qd2 {[%emt 0:00:05]} a6 {[%emt 0:01:54]} 9. O-O-O {[%emt 0:03:05]} O-O {[%emt 0:03:22]} 10. Kb1 {[%emt 0:00:24]} Qc7 {[%emt 0:01:18]} 11. g4 {[%emt 0:00:25]} b5 {[%emt 0:04:33]} 12. h4 {[%emt 0:15:20]} Bb7 {[%emt 0:07:27]} 13. g5 {[%emt 0:08:32]} Nd7 {[%emt 0:03:42]} 14. h5 {[%emt 0:10:40]} Nxd4 {[%emt 0:06:39]} 15. Qxd4 {[%emt 0:07:27]} Ne5 {[%emt 0:02:54]} 16. h6 {[%emt 0:01:06]} Rfc8 {[%emt 0:11:44]} 17. f4 {[%emt 0:11:54]} b4 {[%emt 0:03:19]} 18. Qxb4 {[%emt 0:01:58]} Nd7 {[%emt 0:04:06]} 19. hxg7 {[%emt 0:11:20]} Rab8 {[%emt 0:02:10]} 20. Ka1 {[%emt 0:00:06]} Nc5 {[%emt 0:07:44]} 21. Qd4 {[%emt 0:01:48]} Ba8 {[%emt 0:14:53]} 22. Qd2 {[%emt 0:13:37]} Kxg7 {[%emt 0:03:56]} 23. Qh2 {[%emt 0:00:05]} Rh8 {[%emt 0:00:33]} 24. Bd4+ {[%emt 0:01:00]} e5 {[%emt 0:05:50]} 25. fxe5 {[%emt 0:00:09]} Kg8 {[%emt 0:02:28]} 26. e6 {[%emt 0:01:54]} Bxg5 {[%emt 0:00:21]} 27. exf7+ {[%emt 0:01:57]} Qxf7 {[%emt 0:01:17]} 28. Rg1 {[%emt 0:00:04]} Ne6 {[%emt 0:01:00]} 29. Bc4 {[%emt 0:00:08]} 1-0

[Event "9th RTU Open 2019"]
[Site "Riga"]
[Date "2019.08.07"]
[Round "4.30"]
[White "Stremavicius, Titas"]
[Black "Borisovsky, Dmitry"]
[Result "1-0"]
[WhiteElo "2474"]
[BlackElo "2326"]
[Annotator "ChessBase"]
[PlyCount "149"]
[EventDate "2019.08.05"]
[EventType "swiss"]
[EventCountry "LAT"]
[SourceTitle "playchess.com"]
[Source "ChessBase"]
[SourceQuality "1"]
[TimeControl "5400+30"]

1. c4 {[%emt 0:00:00]} Nf6 {[%emt 0:00:00]} 2. Nf3 {[%emt 0:00:00]} c5 {[%emt 0:00:38]} 3. g3 {[%emt 0:01:18]} d5 {[%emt 0:04:41]} 4. cxd5 {[%emt 0:00:36]} Nxd5 {[%emt 0:00:05]} 5. b3 {[%emt 0:01:51]} Nc6 {[%emt 0:05:47]} 6. Bb2 {[%emt 0:00:13]} f6 {[%emt 0:03:45]} 7. d3 {[%emt 0:01:36]} e5 {[%emt 0:00:15]} 8. Nbd2 {[%emt 0:00:15]} Be6 {[%emt 0:01:05]} 9. Rc1 {[%emt 0:02:42]} Qd7 {[%emt 0:06:46]} 10. a3 {[%emt 0:04:16]} Be7 {[%emt 0:08:44]} 11. Bg2 {[%emt 0:01:53]} O-O {[%emt 0:00:18]} 12. O-O {[%emt 0:00:00]} Rac8 {[%emt 0:11:39]} 13. Ne4 {[%emt 0:12:45]} Na5 {[%emt 0:08:27]} 14. Nfd2 {[%emt 0:03:59]} b5 {[%emt 0:01:42]} 15. Nc3 {[%emt 0:03:46]} Nb6 {[%emt 0:05:26]} 16. a4 {[%emt 0:09:41]} b4 {[%emt 0:06:08]} 17. Ncb1 {[%emt 0:00:49]} Rfd8 {[%emt 0:05:18]} 18. Qc2 {[%emt 0:04:19]} Nc6 {[%emt 0:01:49]} 19. Rfe1 {[%emt 0:10:23]} Nd4 {[%emt 0:09:14]} 20. Qd1 {[%emt 0:05:29]} Qe8 {[%emt 0:16:54]} 21. a5 {[%emt 0:10:10]} Nd5 {[%emt 0:00:04]} 22. Nc4 {[%emt 0:01:15]} Qh5 {[%emt 0:00:59]} 23. Nbd2 {[%emt 0:04:16]} Nb5 {[%emt 0:00:09]} 24. Bf3 {[%emt 0:04:47]} Qg6 {[%emt 0:01:22]} 25. Nf1 {[%emt 0:01:38]} Ndc3 {[%emt 0:00:22]} 26. Bxc3 {[%emt 0:00:07]} Nxc3 {[%emt 0:00:03]} 27. Qc2 {[%emt 0:01:16]} Rd4 {[%emt 0:01:02]} 28. a6 {[%emt 0:03:31]} Qe8 {[%emt 0:00:42]} 29. Ra1 {[%emt 0:02:46]} Bd8 {[%emt 0:00:31]} 30. Nfd2 {[%emt 0:02:17]} Bc7 {[%emt 0:00:12]} 31. Ne4 {[%emt 0:00:49]} Nxe4 {[%emt 0:00:33]} 32. Bxe4 {[%emt 0:00:06]} f5 {[%emt 0:00:30]} 33. Bb7 {[%emt 0:01:43]} Rcd8 {[%emt 0:00:10]} 34. Na5 {[%emt 0:02:38]} Bd7 35. e3 {[%emt 0:00:21]} Rg4 {[%emt 0:02:03]} 36. Qxc5 {[%emt 0:00:04]} Bb6 {[%emt 0:00:11]} 37. Qc2 {[%emt 0:00:53]} Bb5 {[%emt 0:00:01]} 38. Nc4 {[%emt 0:00:33]} Bc7 {[%emt 0:03:05]} 39. d4 {[%emt 0:02:18]} exd4 {[%emt 0:00:00]} 40. Qxf5 {[%emt 0:00:59]} Bd7 {[%emt 0:00:00]} 41. Qc5 {[%emt 0:00:01]} Bb8 {[%emt 0:00:00]} 42. exd4 {[%emt 0:00:28]} Qf8 {[%emt 0:00:00]} 43. Ne5 {[%emt 0:00:36]} Qxc5 {[%emt 0:00:09]} 44. dxc5 {[%emt 0:00:06]} Rd4 {[%emt 0:00:18]} 45. Nf3 {[%emt 0:01:17]} Rd3 {[%emt 0:00:10]} 46. Be4 {[%emt 0:00:11]} Rc3 {[%emt 0:00:11]} 47. Bd5+ {[%emt 0:01:12]} Kf8 {[%emt 0:00:46]} 48. Ng5 {[%emt 0:00:40]} Bf5 {[%emt 0:00:05]} 49. Be4 {[%emt 0:00:35]} h6 {[%emt 0:00:20]} 50. Bxf5 {[%emt 0:00:53]} hxg5 {[%emt 0:00:02]} 51. Rac1 {[%emt 0:00:41]} Rxb3 {[%emt 0:00:12]} 52. Rcd1 {[%emt 0:00:29]} Bc7 {[%emt 0:02:14]} 53. Bd7 {[%emt 0:00:30]} Rf3 {[%emt 0:00:38]} 54. Kg2 {[%emt 0:00:30]} Rf7 {[%emt 0:00:15]} 55. c6 {[%emt 0:00:08]} Re7 {[%emt 0:00:14]} 56. Rxe7 {[%emt 0:00:47]} Kxe7 {[%emt 0:00:02]} 57. Kf3 {[%emt 0:00:33]} Rf8+ {[%emt 0:01:36]} 58. Ke2 {[%emt 0:00:32]} Bb6 {[%emt 0:00:22]} 59. f3 {[%emt 0:00:14]} Rf6 {[%emt 0:00:09]} 60. Rb1 {[%emt 0:00:38]} Ba5 {[%emt 0:00:50]} 61. Ke3 {[%emt 0:00:35]} Kd6 {[%emt 0:00:39]} 62. Ke4 {[%emt 0:00:33]} Kc7 {[%emt 0:00:22]} 63. f4 {[%emt 0:00:06]} gxf4 {[%emt 0:00:19]} 64. gxf4 {[%emt 0:00:01]} Kb6 {[%emt 0:00:30]} 65. Rg1 {[%emt 0:01:17]} Rf7 {[%emt 0:00:51]} 66. Rg5 {[%emt 0:00:26]} b3 {[%emt 0:00:22]} 67. Rg3 {[%emt 0:00:21]} Kxa6 {[%emt 0:00:27]} 68. Rxb3 {[%emt 0:00:05]} Bc7 {[%emt 0:00:31]} 69. f5 {[%emt 0:00:43]} Bxh2 {[%emt 0:00:41]} 70. Kd5 {[%emt 0:00:33]} Re7 {[%emt 0:00:22]} 71. Be6 {[%emt 0:00:02]} Bc7 {[%emt 0:00:34]} 72. Kc5 {[%emt 0:00:47]} Bb6+ {[%emt 0:00:03]} 73. Kd6 {[%emt 0:00:25]} Re8 {[%emt 0:00:12]} 74. c7 {[%emt 0:00:48]} Kb7 {[%emt 0:00:14]} 75. Kd7 {[%emt 0:00:29]} 1-0